000 00626nam a2200277Ia 4500
005 20260324131243.0
008 008 260324s9999 xx 000 0 eng d
020 _a9780080492780
037 _aEBOOK
040 _aCRL
040 _beng
040 _cCRL
041 _2eng
041 _aeng
084 _qCRL
100 _aColin Combe
_91184812
245 0 _aIntroduction to e-Business
260 _bTaylor and Francis
260 _c2006
365 _a
365 _b280
856 _uhttp://www.taylorfrancis.com/books/9780080492780
942 _cEBOOK
999 _c1781794
_d1781794